[Event "San Benedetto op"]
[Site "San Benedetto del Tronto"]
[Date "1999.??.??"]
[Round "5"]
[White "Palmiotto, Fiorentino"]
[Black "Bertacco, Piero"]
[Result "1-0"]
[WhiteElo "2160"]
[BlackElo "1790"]
[PlyCount "129"]
[EventDate "1999.??.??"]
[EventType "swiss"]
[EventRounds "9"]
[EventCountry "ITA"]
[SourceTitle "EXT 2005"]
[Source "ChessBase"]
[SourceDate "2004.11.15"]
[SourceVersion "1"]
[SourceVersionDate "2004.11.15"]
[SourceQuality "1"]

1. d4 d5 2. Nf3 Nf6 3. e3 Bg4 4. Bd3 e6 5. Nbd2 Bd6 6. c3 Nbd7 7. Qc2 c5 8. h3 Bxf3 9. Nxf3 c4 10. Be2 b5 11. Nd2 a5 12. e4 dxe4 13. Nxe4 Nxe4 14. Qxe4 0-0 15. a4 Qb6 16. Qc2 Nf6 17. axb5 Qxb5 18. Qa4 Qf5 19. Qxc4 e5 20. dxe5 Qxe5 21. Be3 Rfc8 22. Qd4 Qe7 23. Qd3 Rd8 24. Qf5 g6 25. Qg5 Qe6 26. Bf3 Rab8 27. 0-0 Ne4 28. Bxe4 Qxe4 29. Bd4 Qf4 30. Qxf4 Bxf4 31. g3 Bc7 32. Rfb1 Re8 33. b4 axb4 34. Rxb4 Rxb4 35. cxb4 Rb8 36. Bc5 Be5 37. Rb1 f5 38. f4 Bc3 39. Kf2 Kf7 40. Ke3 Bf6 41. Kd3 Ke6 42. Kc4 Kd7 43. Rd1+ Kc8 44. b5 Ra8 45. Rd6 Be7 46. Rc6+ Kd7 47. Bxe7 Kxe7 48. b6 Ra4+ 49. Kb5 Ra3 50. Rc4 Kd7 51. b7 Rb3+ 52. Rb4 Rxb4+ 53. Kxb4 Kc7 54. Kc5 Kxb7 55. Kd6 Kc8 56. Ke7 Kc7 57. Kf7 Kd7 58. h4 Kd6 59. Kf6 Kd5 60. h5 gxh5 61. Kxf5 h4 62. gxh4 Kd6 63. Kf6 h5 64. f5 Kd7 65. Kf7 1-0

[Event "Marostica op"]
[Site "Marostica"]
[Date "1995.??.??"]
[Round "7"]
[White "Bertacco, Piero"]
[Black "Perezzani, Stefano"]
[Result "1/2-1/2"]
[WhiteElo "1745"]
[BlackElo "1985"]
[PlyCount "65"]
[EventDate "1995.??.??"]
[EventType "swiss"]
[EventRounds "9"]
[EventCountry "ITA"]
[SourceTitle "EXT 1999"]
[Source "ChessBase"]
[SourceDate "1998.11.16"]
[SourceVersion "1"]
[SourceVersionDate "1998.11.16"]
[SourceQuality "1"]

1. d4 e6 2. Nf3 Nf6 3. c4 Bb4+ 4. Bd2 Qe7 5. a3 Bxd2+ 6. Nbxd2 d6 7. e3 0-0 8. Be2 e5 9. dxe5 dxe5 10. Qc2 Nc6 11. Nb3 Bg4 12. 0-0 Rfe8 13. Rad1 a5 14. Rfe1 g6 15. Nfd2 Bf5 16. Bd3 e4 17. Be2 a4 18. Nc1 Qc5 19. Na2 Ne5 20. Nb4 Qe7 21. Nf1 c6 22. Ng3 Qe6 23. Nxf5 Qxf5 24. f4 Neg4 25. Bxg4 Qxg4 26. Rd6 Qf5 27. Qe2 Rad8 28. Red1 Rxd6 29. Rxd6 Ng4 30. Rd1 Nf6 31. Nc2 Qc5 32. Nd4 Rb8 33. g4 1/2-1/2

[Event "Marostica op"]
[Site "Marostica"]
[Date "1995.??.??"]
[Round "4"]
[White "Schreuder, Rolf"]
[Black "Bertacco, Piero"]
[Result "1-0"]
[WhiteElo "2200"]
[BlackElo "1745"]
[PlyCount "103"]
[EventDate "1995.??.??"]
[EventType "swiss"]
[EventRounds "9"]
[EventCountry "ITA"]
[SourceTitle "EXT 1999"]
[Source "ChessBase"]
[SourceDate "1998.11.16"]
[SourceVersion "1"]
[SourceVersionDate "1998.11.16"]
[SourceQuality "1"]

1. Nf3 Nf6 2. c4 b6 3. d4 e6 4. a3 Bb7 5. Nc3 d6 6. g3 Nbd7 7. Bg2 g6 8. d5 e5 9. b4 a5 10. Bb2 Bg7 11. 0-0 0-0 12. e4 Nh5 13. Ne1 Bh6 14. Nd3 Ba6 15. Nb5 Bb7 16. Qe2 Ng7 17. f4 exf4 18. gxf4 f5 19. e5 dxe5 20. fxe5 Re8 21. e6 axb4 22. axb4 Rxa1 23. Bxa1 Ba6 24. Ne5 Nxe5 25. Qxe5 Bxb5 26. cxb5 Qd6 27. Qxd6 cxd6 28. Bd4 Rb8 29. Ra1 Ne8 30. Ra6 Bd2 31. Rxb6 Rxb6 32. Bxb6 Bxb4 33. Bd8 Kf8 34. Bf1 Ng7 35. b6 Ke8 36. b7 Bc5+ 37. Kg2 Ba7 38. Bc7 Ke7 39. Be2 g5 40. b8Q Bxb8 41. Bxb8 h5 42. h4 g4 43. Kg3 Ne8 44. Bf1 Nf6 45. Bg2 Ne8 46. Kf4 Kf6 47. Bf1 g3 48. Ba7 Nc7 49. Bd4+ Kg6 50. Bc4 g2 51. Kg3 g1Q+ 52. Bxg1 1-0